1779 1984 1094 1491 1473 1376 1674 1775 1442 1344 1400 1058 1868 1797 1329 1902 1226 1797 1816 1134 1091 1673 1194 1941 1206 1914 1653 1875 1911 1345 1638 1347 1131 1185 1432 1236 1831 1289 1357 1662 1514 1170 1547 1688 1716 1697 1279 1218 1189 1357 1723 1144 1503 1578 1663 1424 1815 1344 1640 1820 1064 1710 1561 1754 1330 1371 1705 1606 1949 1067 1424 1789 1086 1600 1164 1081 1936 1572 1718 1247 1437 1101 1134 1349 1892 1694 1909 1554 1615 1721 1573 1008 1593 1005 1907 1359 1871 1484 1168 BCNSPRNW ULIB Ver.6.0+V

เปลี่ยนเป็นภาษาไทย

Change to English
 แสดงรายละเอียดบรรณานุกรม
  กลับหน้าหลัก

Brief Record : Get Marc (ISO 2709) : E-mail record : QR code < ปิดหน้าต่าง
LEADER : 00000nam 2200000uu 4500
001    13399109241
003     ULIB
008    110324s2543||||th 000 0 tha d
020    9742932913
060 04 WA540JT3^bจ158ม 2543
100 0  จรัส สุวรรณเวลา
245 10 มุมมองใหม่ระบบสุขภาพ /^cจรัส สุวรรณเวลา
250    พิมพ์ครั้งที่ 1
260    กรุงเทพฯ :^bสถาบันวิจัยระบบสาธารณสุข,^c2543
300    60 หน้า. ;^c21 ซม.
490 0  ชุดปฏิรูประบบสุขภาพ
650  2 Health
650  2 Public Health
650  7 อนามัย
650  7 การบริหารโรงพยาบาล
650  7 สาธารณสุข
710 2  สถาบันวิจัยระบบสาธารณสุข
945    ^p60^l0^i013016
995    ทศพร
999 ^a ใช้งานได้ทุกระบบ
รายการนี้ยังไม่มีแท็ก
คุณยังไม่ได้ล็อกอิน คุณสามารถมีกิจกรรมร่วมกับเว็บไซต์ได้ แต่ต้องล็อกอินก่อน ::
  ล็อกอิน

รายการสื่อสารสนเทศ

ลำดับที่ ประเภท เลขเรียก/บาร์โค้ด สถานที่ สถานะ
- ไม่พบข้อมูล -

รายการใกล้เคียง
    ผู้แต่ง [จรัส สุวรรณเวลา]

    หัวเรื่อง [Health]
    หัวเรื่อง [Public Health]
    หัวเรื่อง [อนามัย]
    หัวเรื่อง [การบริหารโรงพยาบาล]
    หัวเรื่อง [สาธารณสุข]

BibComment


ยังไม่เคยถูกคอมเมนท์

คอมเมนท์ทรัพยากรรายการนี้
  คอมเมนท์: มุมมองใหม่ระบบสุข..


 Copyright 2026. Bcnsprnw @Library